000 01073pab a2200193 454500
008 180718b2001 xxu||||| |||| 00| 0 eng d
100 _aKhan, Barkatullah
245 _aA spatio-temporal analysis of the inter-state river water disputes in India: A review
260 _c2001
300 _ap.197-207.
362 _aApr-Jun
520 _aThe vast increase in India's population in the last fifty years along with expansion in the irrigation-based agriculture and rapid industrialisation have put an unprecedented pressure on her natural resources. The natural course of rivers, not bound by the political boundaries of the provinces, has become a hot bed of conflicting interests, clamour and controversies. This article gives a comprehensive analysis of major riverine disputes, attempts at resolving these disputes, and social, economic and political issues related to this problem. - Reproduced
650 _aWater - India
650 _aRivers - India
650 _aRivers
773 _aIndian Journal of Public Administration
908 _aN
909 _a50121
999 _c50121
_d50121